000 00799nam a22002057a 4500
999 _c16860
_d16860
003 AR-CdUCM
008 190506b ||||| |||| 00| 0 spa d
040 _aMUNICIPALIDAD PROVINCIAL DEL CUSCO
_cBIBLIOTECA MUNICIPAL DEL CUSCO
082 _a182 /
_bP93
100 _aPuiggros, Rodolfo
_97169
245 _aLos orígenes de la filosofía /
260 _aBuenos Aires :
_bJorge Alvarez,
_c1966.
300 _a241 páginas ;
_c20 cm.
505 _aContenido: Formación de la sociedad helénica -- El amanecer de la ciencia -- La filosofía nace de la investigación de la naturaleza -- Los matemáticos buscan a dios -- El sol es nuevo cada día ...
650 _aFilosofía
_9395
650 _aCiencia
_92098
650 _aInvestigación
_91940
942 _2ddc
_cLIBROS
945 _aacv
_d2019-05-06